• 首页
  • 本馆介绍
  • 公告通知
  • 最新文献
  • 馆藏检索
  • 电子资源
  • 读者导购
  • 参考咨询
  • 我的图书馆
  • 登录
  • 详细信息显示
  • 放入我的书架
  • 预约/预借图书
  • 作者相关作品
  • 分类相关作品
  • 丛书相关作品
  • 出版社相关作品

书目信息

  • 表格格式
  • 工作单格式
  • 卡片格式
题名:
时事资料手册
    
 
作者: ;《半月谈》编辑部 编
分册:  
出版信息: 北京   新华出版社  1983.4
页数: 231页
开本: 19cm
丛书名:
单 册:
中图分类: C62
科图分类:
主题词: 社会科学--指南 , 社会科学--便览 , 社会科学--手册 , 社会科学--年表
电子资源:
ISBN:
000 00723nam0 2200253 45
001 0210211515
005 20060718154023.43
010    @dCNY0.70
091    @a3203.025
100    @a20021021d1983 km y0chiy0120 ea
101 0  @achi
105    @aa z 000yy
200 1  @a时事资料手册@AShi Shi Zi Liao Shou Ce@e1982年版@E1982 Nian Ban@f《半月谈》编辑部编@F《Ban Yue Tan》Bian Ji Bu Bian
210    @a北京@c新华出版社@d1983.4
215    @a231页@d19cm
517    @a1982年版@A1982 Nian Ban
606 0  @a社会科学@x指南
606 0  @a社会科学@x便览
606 0  @a社会科学@x手册
606 0  @a社会科学@x年表
690    @aC62@v3
711 02 @a《半月谈》编辑部@4编
801    @aCN@bTSTC@c20060718
905    @dC62@e1@f1@b88199
    
    时事资料手册:1982年版/《半月谈》编辑部编.-北京:新华出版社,1983.4
    231页;19cm
    
    
    ISBN :CNY0.70
    
●
相关链接 在E读中查询图书 在五车中查询图书 在当当中查询图书 在豆瓣中查询图书


正题名:时事资料手册     索取号:C62/1         预约/预借

序号 登录号 条形码 馆藏地/架位号 状态 备注
1 0088197   001144130   第一借阅区/ [索取号:C62/1] 在馆    
2 0088198   001144158   密集书库/ [索取号:C62/1] 在馆    
3 0088199   001144167   第一样本阅览室/ [索取号:C62/1] 在馆    
4 0136012   001611214   密集书库/ [索取号:C62/1] 在馆    
5 0136013   001144149   密集书库/ [索取号:C62/1] 在馆    
6 0424274   204242747   密集书库/ [索取号:C62/1] 在馆    
7 0424357   204243577   密集书库/ [索取号:C62/1] 在馆    
唐山师范学院图书馆 欢迎您!
大连网信软件有限公司© 版权所有